00427nam a2200157Ia 4500008004100000020001500041041001200056082001600068100001500084245006800099250000800167260005000175300000800225650002100233700001500254221030s9999 xx 000 0 und d a9812403523 aEnglish a105.23bBig aJ. Bignell 0aDigital Electronics ( DEPARTMENTAL )cby J. Bignell, R. Donovan a4th bThomason Asia Ltd. singaporeaNew Delhic2001 a731 aECE Departmental aR. Donovan